A Tematikus Rendezvények szerepe és hatása a Zala Springs Golf Resort Vendégélményére
| Szerző: | |
|---|---|
| További közreműködők: | |
| Dokumentumtípus: | Projektmunka |
| Kulcsszavak: | rendezvények rendezvényszervezés resort tematika vendéglátóipar |
| Online Access: | http://dolgozattar.uni-bge.hu/59740 |
MARC
| LEADER | 00000nnm a2200000 i 4500 | ||
|---|---|---|---|
| 001 | dolg59740 | ||
| 005 | 20260409145512.0 | ||
| 008 | 260409suuuu hu o 000 hun d | ||
| 040 | |a BGE Dolgozattár Repozitórium |b hun | ||
| 041 | |a hu | ||
| 100 | 1 | |a Szabó Vivien Brigitta | |
| 245 | 1 | 2 | |a A Tematikus Rendezvények szerepe és hatása a Zala Springs Golf Resort Vendégélményére |c Szabó Vivien Brigitta |h [elektronikus dokumentum] |
| 516 | |a Project_work | ||
| 520 | 3 | |a Összességében véve azt a végső következtetést lehet mindebből levonni, hogy atematikus rendezvények sikeressége a resort exkluzivitásának kihasználásán, a célcsoportigényeinek pontos megértésén és az élményalapú, személyre szabott szolgáltatások beépítésénmúlik, amelyeket a fogyasztói preferenciák és a piaci trendek folyamatos monitorozása alapjánlehet hatékonyan fejleszteni.Tekintettel arra, hogy szakdolgozatom bevezetőjében rögzített kutatási célokat elértem,a kutatási kérdéseket pedig megválaszoltam, dolgozatomat sikeresnek tartom és bízom abban,hogy releváns mértékben hozzá tud járulni a resort rendezvényszervezési szegmensénekfejlesztéséhez és érdekes olvasmánynak bizonyul mindazok számára, akiket a téma érdekel. | |
| 695 | |a rendezvények | ||
| 695 | |a rendezvényszervezés | ||
| 695 | |a resort | ||
| 695 | |a tematika | ||
| 695 | |a vendéglátóipar | ||
| 700 | 1 | |a Sóvári Katalin |e ths | |
| 856 | 4 | 0 | |u http://dolgozattar.uni-bge.hu/59740/1/Projektmunka%20.pdf |z Dokumentum-elérés |
| 856 | 4 | 0 | |u http://dolgozattar.uni-bge.hu/59740/2/Szab%C3%B3%20Vivien%20Brigitta_B%C3%ADr%C3%A1lati%20lap_FOSZK_2025.pdf |z Dokumentum-elérés |